000 00603nam a2200193 i 4500
001 51925
003 ES-MaACL
005 20260217063011.0
007 t|
008 030821s1906 sp ||||1| spa d
100 1 _aDastre, Albert,
_d1844-1917
_9126702
245 1 3 _aLa vida y la muerte /
_cA. Dastre ; versión de José González Llana.
260 _aMadrid :
_bLibrería Gutenbert,
_c1906 (
_fJaime Ratés)
300 _a335 p. ;
_c19 cm.
650 7 _aVida (Biología)
_2embne
_9136981
700 1 _aGonzález Llana, José.
_958756
852 _aES-MaACL
_jF-6169
999 _c51925
_d51925